000
00299nam a2200157Ia 4500
100
_a
Anand/R
942
_c
BK
366
_f
25
654
_a
happiness
245
_a
Happiness at work:Mindfulness
260
_b
sage
_c
2018
082
_b
ANA
300
_a
200
546
_a
ENGLISH
999
_c
23183
_d
23183